Statistics for European Geography General Knowledge #2

Click here to take the quiz!

General Stats

  • This quiz has been taken 376 times
  • The average score is 13 of 20

Answer Stats

QuestionAnswer% Correct
What is the currency of the United Kingdom?Pound
98%
What country is landlocked between Spain and France?Andorra
95%
It what city you can find the most famous European Leaning Tower?Pisa
94%
What is the capital of Iceland?Reykjavik
92%
Name the peninsula of Serbia, Greece, Albania etc.Balkan
88%
What sea separates Bulgaria and Russia?Black Sea
88%
In what country you can find the city of Gdansk?Poland
85%
What is the most famous Spanish party island?Ibiza
82%
What is the most common religion in Albania?Islam
80%
How many kind of snakes are native to Ireland?0
76%
What is the longes European river?Volga
74%
What town in Belgium is known for the Napoleon's last battle?Waterloo
74%
What is the largest port city in Ukraine?Odessa
65%
Name the least spoken official language of SwitzerlandRomansh
57%
What is the administrative body for association football in Europe?UEFA
56%
In Russia he's Иван, in the UK he's John, in Italy he's Giovanni.
What is he in Portugal?
João
45%
And what is the most famous bridge on it?Charles Bridge
38%
What is the name of unrecognized micronation located on
an offsore paltform in the British territorial waters in the North Sea?
Sealand
26%
What region in Finland has majority Swedish population?Aland
17%
What river flows through Prague?Vltava
17%

Score Distribution

Percentile by Number Answered

Percent of People with Each Score

Your Score History

You have not taken this quiz